Štúdium zmeny povrchu materiálu ložísk po aplikácii laserového značenia : Diplomová práca

Gespeichert in:
Bibliographische Detailangaben
1. Verfasser: Mitošinka, Marián (Verfasst von)
Weitere Verfasser: Palkovič, Peter (xxx)
Format: Manuskript Buch
Sprache:Slowakisch
Veröffentlicht: Trnava : STU v Bratislave MtF KMI, 1997
Schlagworte:
Tags: Tag hinzufügen
Keine Tags, Fügen Sie das erste Tag hinzu!

MARC

LEADER 00000ntm a22000003a 4500
001 stu95484
005 20160719155302.9
008 050906s1997----xo------------------slo-d
040 |a STU  |b slo 
041 0 |a slo 
044 |a xo 
100 1 |a Mitošinka, Marián  |4 aut 
245 1 |a Štúdium zmeny povrchu materiálu ložísk po aplikácii laserového značenia :  |b Diplomová práca 
260 |a Trnava :  |b STU v Bratislave MtF KMI,  |c 1997 
300 |a 71 s  |c príl 
650 7 |a materiálové inžinierstvo  |2 stusub 
700 1 |a Palkovič, Peter  |4 xxx